000 00346nam a2200133Ia 4500
008 100328s9999 xx 000 0 und d
082 _b42841
100 _aखरात शंकरराव रा.
245 _aबेरड
260 _bसमाजशिक्षण
630 _aबेरड
730 _aबेरड
942 _cBOOK
999 _c531244
_d531241